Asian Countries by Capital City - Statistics

General Stats
  • This quiz has been taken 265 times
  • The average score is 37 of 48
Answer Stats
Hint Answer % Correct
Beijing China
96%
Seoul South Korea
95%
Bangkok Thailand
95%
New Delhi India
94%
Abu Dhabi United Arab Emirates
94%
Jerusalem Israel
93%
Kuwait City Kuwait
93%
Singapore Singapore
93%
Jakarta Indonesia
92%
Baghdad Iraq
90%
Pyongyang North Korea
90%
Manila Philippines
90%
Hanoi Vietnam
90%
Taipei Taiwan
88%
Tokyo Japan
87%
Ankara Turkey
87%
Kuala Lumpur Malaysia
86%
Damascus Syria
86%
Kabul Afghanistan
84%
Kathmandu Nepal
84%
Islamabad Pakistan
83%
Riyadh Saudi Arabia
83%
Beirut Lebanon
82%
Phnom Penh Cambodia
81%
Tehran Iran
80%
Sri Jayawardenepura Kotte Sri Lanka
79%
Ulaanbaatar Mongolia
78%
Doha Qatar
77%
Amman Jordan
73%
Muscat Oman
73%
Nicosia Cyprus
72%
Baku Azerbaijan
71%
Dhaka Bangladesh
71%
Tbilisi Georgia
69%
Astana Kazakhstan
69%
Bandar Seri Begawan Brunei
66%
Ashgabat Turkmenistan
65%
Sana'a Yemen
65%
Vientiane Laos
64%
Male Maldives
64%
Tashkent Uzbekistan
64%
Bishkek Kyrgyzstan
63%
Dili East Timor
61%
Yerevan Armenia
59%
Dushanbe Tajikistan
58%
Naypyidaw Myanmar
57%
Manama Bahrain
52%
Thimphu Bhutan
52%
No matching quizzes found
Score Distribution
Percent of People with Each Score
Percentile by Number Answered
Your Score History
You have not taken this quiz